| Tag |
First Indicator |
Second Indicator |
Subfields |
| LEADER |
00000cam a2200000 4500 |
| 001 |
in00000154841 |
| 005 |
20151008065904.0 |
| 008 |
740417s1973 nyu b 00110 eng |
| 010 |
|
|
|a 73083271
|
| 020 |
|
|
|a 0804690537
|c $9.95
|
| 035 |
|
|
|a (OCoLC)00897606
|
| 035 |
|
|
|9 AAS1534AM
|
| 040 |
|
|
|a DLC
|c DLC
|d TXA
|d UtOrBLW
|
| 049 |
|
|
|a TXAM
|c [924851]
|
| 050 |
0 |
0 |
|a PS3571.P4
|b Z95
|
| 082 |
0 |
|
|a 813/.5/4
|
| 100 |
1 |
|
|a Vargo, Edward P.
|
| 245 |
1 |
0 |
|a Rainstorms and fire: ritual in the novels of John Updike /
|c [by] Edward P. Vargo.
|
| 264 |
|
1 |
|a Port Washington, N.Y. :
|b Kennikat Press,
|c 1973.
|
| 300 |
|
|
|a 229 pages ;
|c 23 cm.
|
| 336 |
|
|
|a text
|b txt
|2 rdacontent
|
| 337 |
|
|
|a unmediated
|b n
|2 rdamedia
|
| 338 |
|
|
|a volume
|b nc
|2 rdacarrier
|
| 490 |
1 |
|
|a National university publications. Series in literary criticism
|
| 504 |
|
|
|a Bibliography: pages 195-226.
|
| 600 |
1 |
0 |
|a Updike, John
|x Criticism and interpretation.
|
| 830 |
|
0 |
|a National university publications.
|p Literary criticism series.
|
| 999 |
|
|
|a MARS
|
| 999 |
f |
f |
|s a5d7442f-b5d0-3ce9-8a1a-c327a5a934b2
|i df46a7c2-511a-35da-be98-2ebf03d78d45
|t 0
|
| 952 |
f |
f |
|p ric
|a Texas A&M University
|b Rellis Campus
|c Joint Library Facility
|d Remote Storage
|t 0
|e PS3571.P4 Z95
|h Library of Congress classification
|i unmediated -- volume
|m A14804133933
|
| 998 |
f |
f |
|a PS3571.P4 Z95
|t 0
|l Remote Storage
|